000 00297nam a22001337a 4500
020 _a81-7224-156-9
082 _a200
_bJAI/G
100 _aJAICO
245 _aGLIMPSES OF WORLD RELIGIONS
260 _aMUMBAI
_bJAICO PUBLICATIONS
_c2006
300 _a267
650 _aRELIGIOUS
_zINDIA
942 _cBK
999 _c5480
_d5480